000 01171nja a2200217 a 4500
003 BLK
005 20180422124048.0
008 180414c bul|r|ner|||| 00| c0bul d
010 _aNOT00003072184
040 _aBLK
700 1 _aМонев, Никола Стоянов
_9380315
100 1 _aТричков, Борис Цветанов
_eпърви автор
_9388732
245 1 0 _aЧетири коледни песни
_c Никола Стоянов Монев; Борис Цветанов Тричков.
257 _aBGR
380 _a7
500 _aХристос се веч роди / Текст Борис Тричков по Никола Фурнаджиев ; Коледарска песен ; Стани нине, Господине : За тригласен хор / Текст Никола Стоянов Монев ; Роди ми се Боже чедо / Текст из Коледари на Пенчо Славейков
773 _0315112
_9667894
_aТричков, Борис Цветанов
_tГодината в песни
852 _aЦб М ІІ 11784
942 _cNOT
_n0
944 _aCR
_c14.01.2010
_kИрена_Линкова
944 _aED
_c12.11.2014
_kВиолета_Тройчева
999 _c315296
_d315296